000 00401nam a2200157Ia 4500
008 230312s9999||||xx |||||||||||||| ||und||
020 _a8261-26-5
082 _a362.109
_bILY-P
100 _aMohammad Iliyas
245 0 _aPublic Health and Community Medicine
260 _bMeDICAL Division
_aPakistan
_c2008
300 _a744
546 _aEng.
650 _aMedical
_vCommunity Medicine
942 _cBK
999 _c5906
_d5906